00710nam a2200253 a 4500001001300000003000900013005001700022008004100039020000900080082001600089100002100105245003500126260004200161300000900203500003500212505001000247650001900257650001400276700002100290902000800311942000700319952011500326999001500441nice12345678IN_TiNIC20260116012335.0050524s1982 mysa grp 000 0 urd  ac2000a922.97bSAL aSaleem, Tamannai aDana-E-Raaz Dayar-E-Deccan Men aMysorebAnjuman-E-Ishaat-E-Urduc1982 a240p aincludes index and biblioraphy2 aIndex aIqbal Muhammad aHyderabad1 aSaleem, Tamannai bSRS cBK 001040708StackRoom-aHMIbHMId2007-06-06g20.00l0o922.97 SALp012125r2007-06-06v20.00w2005-05-24yBK c6629d6629